Welcome to WEB OPAC of MRSPTU Central Library

Manual of practical bioChemistry for MBBS student (Record no. 7106)

MARC details
000 -LEADER
fixed length control field 00465nam a2200181Ia 4500
008 - FIXED-LENGTH DATA ELEMENTS--GENERAL INFORMATION
fixed length control field 230711s9999||||xx |||||||||||||| ||und||
020 ## - INTERNATIONAL STANDARD BOOK NUMBER
International Standard Book Number 978-81-8296-351-1
041 ## - LANGUAGE CODE
Language code of text/sound track or separate title ENG
082 ## - DEWEY DECIMAL CLASSIFICATION NUMBER
Classification number 574.192
Item number GH-P
100 ## - MAIN ENTRY--PERSONAL NAME
Personal name Gupta,S.K
245 #0 - TITLE STATEMENT
Title Manual of practical bioChemistry for MBBS student
250 ## - EDITION STATEMENT
Edition statement 2nd Ed.
260 ## - PUBLICATION, DISTRIBUTION, ETC.
Date of publication, distribution, etc. 2016
Place of publication, distribution, etc. New Delhi
Name of publisher, distributor, etc. Arya Publishing Company
300 ## - PHYSICAL DESCRIPTION
Extent 224p.
650 ## - SUBJECT ADDED ENTRY--TOPICAL TERM
Topical term or geographic name entry element Pharmacy
700 ## - ADDED ENTRY--PERSONAL NAME
Personal name Ghalaut,Veena Singh
942 ## - ADDED ENTRY ELEMENTS (KOHA)
Koha item type Book
Holdings
Withdrawn status Lost status Damaged status Not for loan Collection Home library Current library Date acquired Source of acquisition Cost, normal purchase price Inventory number Total checkouts Full call number Barcode Date last seen Price effective from Koha item type Date last checked out
          MRSPTU Central Library MRSPTU Central Library   Krishna Book Distributors 300.00 KBD/2016-2017/962342808   574.192 GH-P P116 08/17/2023 08/17/2023 Book  
          MRSPTU Central Library MRSPTU Central Library   Krishna Book Distributors 300.00 KBD/2016-2017/962342808 1 574.192 GH-P P117 04/15/2024 08/17/2023 Book 04/04/2024

Website Designed and Developed by MRSPTU Central Library Team

E-mail Id: librarian@mrsptu.ac.in